000 00879nam a22002537a 4500
003 DO-SdBNP
005 20211117110112.0
007 ta
008 211116b2018 a|||e |||| 001 0dspa d
020 _a9789945580631
040 _aDO-SdBNP
_bspa
_cBNPHU
082 4 _222
_a347.05
_bH557v
100 0 _910463
_aHernández, Pedro Pablo
245 1 0 _aLas vías de recursos en el proceso civil /
_cPedro Pablo Hernández ; editor Lennys Tejada Betancourt
260 _aSantiago de los Caballeros, Rep. Dom :
_bUAPA,
_c2018.
300 _a254 p. : (8)
_bil.;
_c27 cm.
490 _aAutoaprendizaje ;
_vv.12
500 _aIncluye datos biográficos del autor en la contraportada del libro.
500 _aIncluye referencias bibliográficas.
590 _aInventariado, 2021 / SA
700 1 _aTejada Betancourt, Lennys
_eeditor
_979591
910 _aSaquino
942 _2ddc
_cLBS1
999 _c50978
_d50978